00544nam a22002057a 4500003000500000005001700005008004100022010001000063011001000073035001100083040000900094082001600103110000800119245008400127260002400211300002000235650003100255650002400286650002800310CHAP20220817044107.0060405d2005 it rn 00110 eng d a92001 a92973 a103540 cCHAP04a633.18bF302 aFAO10aRice is life :binternational year of rice 2004 and its implementationc/by FAO aRome :bFAO,c2005. a133 p. :bilus.14aAlimentosxAbastecimiento.14aArrozxRendimiento.14aArrozxValor nutritivo.